00755 2200205 4500001002100000005001500021035002000036245007700056100001600133250001000149300003100159700001500190700001500205260003000220082000800250084001400258020002200272650001400294520024100308INLIS00000000000050020210409102231 a0010-04210000471 aCara Mudah Menyamak Kulit Kambing /cProf. Dr. rer. nat. Ir. Anwar Kasim0 aAnwar Kasim aEdi.1 a74hal :bilus. ;c14x21 cm0 aAlfi Asben0 aSri Mutiar aYogyakarta :bANDI,c2018 a675 a675 ANW c a978-979-29-6899-6 4aTeknologi aBuku Cara Mudah Menyamak Kulit Kambing ini ditulis sebagai upaya untuk meningkatkan kepustakaan bidang teknologi industri pertanian, khususnya bagi pembaca yang ingin mengetahui dan mempelajari tentang industri penyamakan kulit kambing.